LIBRARY & INFORMATION CENTRE, KCAET, TAVANUR

ONLINE PUBLIC ACCESS CATALOGUE (OPAC)

Optics / (Record no. 13300)

MARC details
000 -LEADER
fixed length control field 00370cam a2200157ua 4500
041 ## - LANGUAGE CODE
Language code of text/sound track or separate title eng
082 ## - DEWEY DECIMAL CLASSIFICATION NUMBER
Classification number 535
Item number HEC/OP
100 ## - MAIN ENTRY--AUTHOR NAME
Personal name Hecht, Eugene .
245 ## - TITLE STATEMENT
Title Optics /
260 ## - PUBLICATION, DISTRIBUTION, ETC. (IMPRINT)
Place of publication :
Name of publisher Pearson Education Asia ,
Year of publication 2007.
300 ## - PHYSICAL DESCRIPTION
Number of Pages 704 ;
Accompanying material CD.
942 ## - ADDED ENTRY ELEMENTS (KOHA)
Koha item type Books
Holdings
Withdrawn status Lost status Damaged status Home library Current library Date acquired Full call number Accession Number Koha item type
      KAUAET KAUAET 07/04/2012 535 HEC/OP 21430 Books
      KAUAET KAUAET 07/04/2012 535 HEC/OP 21784 Books
free website counter